| 000 | 01101cam a22003257a 4500 | ||
|---|---|---|---|
| 999 |
_c12250 _d12250 |
||
| 003 | EG-ScBUE | ||
| 005 | 20191214122852.0 | ||
| 008 | 090708r20102004enka f bd 001 0 eng d | ||
| 020 | _a9780194371810 | ||
| 020 | _a0194371816 | ||
| 040 |
_aEG-ScBUE _beng _erda _cEG-ScBUE _dEG-ScBUE |
||
| 082 | 0 | 4 |
_a428.007 _bSAM _222 |
| 100 | 1 |
_aSampedro, Ricardo, _eauthor. _97747 |
|
| 245 | 1 | 0 |
_aGlobal issues / _cRicardo Sampedro, Susan Hillyard. |
| 250 | _aReprint edition. | ||
| 264 | 1 |
_aOxford ; _aNew York : _bOxford University Press, _c2010. |
|
| 300 |
_ax, 148 pages : _billustrations ; _c25 cm. |
||
| 336 |
_2rdacontent _atext _btxt |
||
| 337 |
_2rdamedia _aunmediated _bn |
||
| 338 |
_2rdacarrier _avolume _bnc |
||
| 490 | 0 | _aResource books for teachers | |
| 500 | _aIncludes glossary. | ||
| 504 | _aIncludes bibliographical references and index. | ||
| 590 | _aMarwa Ashraf | ||
| 650 | 7 |
_aEnglish language _xStudy and teaching _xForeign spearkers. _2BUEsh _97748 |
|
| 653 |
_bHHUUEENN _cJuly2019 |
||
| 655 | _vReading book | ||
| 700 | 1 |
_aHillyard, Susan, _d1950- _eauthor. _97749 |
|
| 942 |
_2ddc _cBB |
||